Ceramah umum : Tatatertib dalam Islam dan tanggungjawab kita sebagai manusia [

Bibliographic Details
Corporate Author: INSPEN (Institut Penilaian Negara)
Format: Book
Published: Bangi : INSPEN , 1995
Subjects:

MARC

LEADER 00000cam a2200000 7i4500
001 0000022895
005 20101110.0
008 101110
040 |a INS 
090 0 0 |a VCD 1626 
245 0 0 |a Ceramah umum :   |b Tatatertib dalam Islam dan tanggungjawab kita sebagai manusia [  |h cakera video] :   |b 1 Julai 1995   |c oleh Ustaz Abdul Ghani Shamsudin 
260 |a Bangi :   |b INSPEN ,   |c 1995 
300 |a 1 cakera video (2 jam) :   |b by., wrn. ;   |c 4 3/4 in. 
500 |a Juga terdapat dalam format vhs : VHS 584 
650 0 0 |a Islam   |x Customs and practice 
710 1 |a INSPEN (Institut Penilaian Negara) 
999 |a VCD0001626   |b VIDEO CD   |c Media Collection   |e Default branch